|
|
|
|
| LEADER |
02264nam a2200601 4500 |
| 001 |
ocn864307022 |
| 003 |
OCoLC |
| 005 |
20170124071635.9 |
| 006 |
m o d |
| 007 |
cr cnu---unuuu |
| 008 |
131127s2014 gw o 000 0 eng d |
| 040 |
|
|
|a N$T
|b eng
|e rda
|e pn
|c N$T
|d COO
|d DG1
|d YDXCP
|d OCLCF
|d OCLCQ
|d N15
|d DG1
|d GrThAP
|
| 019 |
|
|
|a 881478198
|a 892570354
|a 961526937
|a 962673938
|a 965127589
|
| 020 |
|
|
|a 9783527677689
|q (electronic bk.)
|
| 020 |
|
|
|a 3527677682
|q (electronic bk.)
|
| 020 |
|
|
|a 9783527677672
|q (electronic bk.)
|
| 020 |
|
|
|a 3527677674
|q (electronic bk.)
|
| 020 |
|
|
|a 9781306140720
|q (MyiLibrary)
|
| 020 |
|
|
|a 1306140722
|q (MyiLibrary)
|
| 020 |
|
|
|z 9783527411245
|
| 020 |
|
|
|z 3527411240
|
| 020 |
|
|
|a 9783527677658 (ePub)
|
| 020 |
|
|
|a 3527677658 (ePub)
|
| 020 |
|
|
|a 9783527677665 (Mobi)
|
| 020 |
|
|
|a 3527677666 (Mobi)
|
| 029 |
1 |
|
|a NZ1
|b 15497478
|
| 029 |
1 |
|
|a NZ1
|b 15906690
|
| 035 |
|
|
|a (OCoLC)864307022
|z (OCoLC)881478198
|z (OCoLC)892570354
|z (OCoLC)961526937
|z (OCoLC)962673938
|z (OCoLC)965127589
|
| 050 |
|
4 |
|a QD96.U4
|
| 072 |
|
7 |
|a SCI
|x 053000
|2 bisacsh
|
| 082 |
0 |
4 |
|a 535.844
|2 23
|
| 049 |
|
|
|a MAIN
|
| 245 |
0 |
0 |
|a Attosecond and XUV physics :
|b ultrafast dynamics and spectroscopy /
|c edited by Thomas Schultz, Marc Vrakking.
|
| 246 |
3 |
0 |
|a Ultrafast dynamics and spectroscopy
|
| 264 |
|
1 |
|a Weinheim :
|b Wiley-VCH,
|c 2014.
|
| 300 |
|
|
|a 1 online resource.
|
| 336 |
|
|
|a text
|b txt
|2 rdacontent
|
| 337 |
|
|
|a computer
|b c
|2 rdamedia
|
| 338 |
|
|
|a online resource
|b cr
|2 rdacarrier
|
| 588 |
0 |
|
|a Print version record.
|
| 504 |
|
|
|a Includes bibliographical references at the end of each chapters and index.
|
| 650 |
|
0 |
|a Ultraviolet spectroscopy.
|
| 650 |
|
0 |
|a Free electron lasers.
|
| 650 |
|
7 |
|a SCIENCE
|x Physics
|x Optics & Light.
|2 bisacsh
|
| 650 |
|
7 |
|a Free electron lasers.
|2 fast
|0 (OCoLC)fst00933860
|
| 650 |
|
7 |
|a Ultraviolet spectroscopy.
|2 fast
|0 (OCoLC)fst01160762
|
| 655 |
|
4 |
|a Electronic books.
|
| 655 |
|
0 |
|a Electronic books.
|
| 700 |
1 |
|
|a Schultz, Thomas,
|e editor.
|
| 700 |
1 |
|
|a Vrakking, Marc,
|e editor.
|
| 776 |
0 |
8 |
|i Print version:
|t Attosecond and XUV spectroscopy
|z 9783527411245
|w (OCoLC)859187362
|
| 856 |
4 |
0 |
|u https://doi.org/10.1002/9783527677689
|z Full Text via HEAL-Link
|
| 994 |
|
|
|a 92
|b DG1
|